Autonómia v jazykovom vyučovaní a učebné stratégie

Bibliographic Details
Main Author: Straková, Zuzana, 1968- (Author)
Format: Article
Language:Slovak
ISBN:8080682380
Subjects:

MARC

LEADER 00000nab a2200000 ar4500
001 vtls009523197
003 SK-MaSNL
005 20260303232937.0
008 090608c2003 xo |||||| ab |||| b|slo
015 |a SNBRA2009/06  |2 snkbucl 
038 |a SNKBUCL 
040 |a SNKBUCL  |b slo  |c SNKBUCL  |e AACR2 
041 0 |a slo  |b eng 
044 |a xo  |c SK 
080 |a 371.311:811  |2 2001 
080 |a 811.1/.9:37  |2 2001 
080 |a 81'24  |2 2001 
100 1 |a Straková, Zuzana,  |d 1968-  |4 aut  |9 209701 
245 1 0 |a Autonómia v jazykovom vyučovaní a učebné stratégie  |c Zuzana Straková 
504 |a Literatúra 
546 |a Res. angl. 
650 0 7 |a vyučovanie jazykov  |2 snkbucl  |9 31418 
650 0 7 |a autonómne vzdelávanie  |2 snkbucl  |9 1102959 
650 0 7 |a autonómne štúdium  |2 snkbucl  |9 121941 
650 0 7 |a učebné stratégie  |2 snkbucl  |9 1092453 
773 0 |t Studia philologica. Annus XI  |d Prešov : Fakulta humanitných a prírodných vied Prešovskej univerzity, 2003  |g S. 154-159  |z 8080682380 
852 |a SNK  |b KIS3GCP 
958 |a NB 
999 |c 2274779  |d 2276709